00600nam a2200145 a 450000100100000000500170001000800410002702000180006804000250008610000180011124501670012926001150029630000200041170000230043100003999120201002033842.0130802s2010 mx 000 0 spa d a9786070212307 aDO-SdBNPbspacBNPHU1 aGlantz, Margo10aJosé Gorostiza y Juan Rulfo :bdiscurso de ingreso a la Academia Mexicana de la Lengua,21 de noviembre de 1996 /cMargo Glantz ; respuesta de Carlos Montemayor. aMéxico :bDirección General de Publicaciones y Fomento Editorial :bAcademia Mexicana de la Lengua,c2010. a82 p. ;c18 cm.1 aMontemayor, Carlos